Piece of cake

Hlavní autor: Malina, Luboš, 1959-
Jazyk: Angličtina
Čeština
Vydáno: Praha : Venkow, p1998
Témata:
Fyzický popis: 1 CD ; 12 cm + 1 složený list.
Zvukové nahrávky
Uloženo v:
LEADER 01453njm a2200445 a 4500
001 000266923
003 CZ BrMZK
005 19990101143423.0
008 000105s1998 xr f eng d
028 0 3 |a 557 223-2  |b Venkow 
040 |a BOA001  |b cze 
041 1 |a eng  |a cze 
080 |a 784.4.03"199"(086.7)  |2 MRF 
100 1 |a Malina, Luboš,  |d 1959-  |7 jx20050120006  |4 prf 
245 1 0 |a Piece of cake  |h [zvukový záznam] /  |c Luboš Malina. 
246 3 3 |a Rozvzpomínání 
246 3 3 |a <<The >>tree of leaf and fire 
246 3 3 |a V nevysokých horách 
246 3 3 |a Zákusek 
246 3 3 |a Baflo breakdown 
246 3 3 |a Cibola 
246 3 3 |a Den, kdy banjisté ovládnou svět 
246 3 3 |a Démoni 
246 3 3 |a Gejza a Berta 
246 3 3 |a Kdo to obchází můj dům 
246 3 3 |a Piece of cake 
246 3 3 |a Rain and snow 
246 3 3 |a Rocky road blues 
246 3 3 |a Rouse up, Roberto 
260 |a Praha :  |b Venkow,  |c p1998 
300 |a 1 CD ;  |c 12 cm +  |e 1 složený list. 
500 |a Seznam členů doprovod. skupiny a texty písní v doprovod. mater. 
500 |a Nahr. 1996-1998 
500 |a Durata neuv 
505 2 |a Cibola, Démoni, Gejza a Berta ... [et al.] 
653 0 |a banjo  |a bluegrass  |a blues  |a country hudba 
910 |a BOA001  |b CD-0007.281 
964 |a Hudba country  |z stol.20.,léta 90.  |x CD 
990 |a AV 
996 6 |b 261H007781  |c CD-0007.281  |l MZK  |r Sklad / do 24 hodin  |n 1  |p p.v.  |w 000266923  |u 000010  |a 1  |e BOA001  |j MZK50  |s P